| 000 | 00967nam a2200181 a 4500 | ||
|---|---|---|---|
| 008 | 120416s1983 ||||||||||||||||| || u | ||
| 050 | _aHM 291 Mon | ||
| 100 | _aMontagu, Ashley | ||
| 245 | 1 | 4 | _aThe dehumanization of man |
| 246 | _aAshley Mantagu | ||
| 260 |
_aNew York _bMcGraw-Hill _c1983 |
||
| 300 | _axxxvii, 246p. | ||
| 350 | _a0.00 | ||
| 995 |
_aANNEX COLLECTION (Main Library) _D0.00 _e710341 _FCBU-MAIN LIBRARY (Kitwe) _H1 _I24.00 _jHM 291 Mon _UAVAILABLE _y008879 _ZAnnex Low-Usage Collection |
||
| 995 |
_aANNEX COLLECTION (Main Library) _D0.00 _e710339 _FCBU-MAIN LIBRARY (Kitwe) _H3 _I24.00 _jHM 291 Mon _UAVAILABLE _y008877 _ZAnnex Low-Usage Collection |
||
| 995 |
_aANNEX COLLECTION (Main Library) _D0.00 _e710340 _FCBU-MAIN LIBRARY (Kitwe) _H4 _I24.00 _jHM 291 Mon _UAVAILABLE _y008878 _ZAnnex Low-Usage Collection |
||
| 995 |
_aANNEX COLLECTION (Main Library) _D0.00 _e710342 _FCBU-MAIN LIBRARY (Kitwe) _H2 _I24.00 _jHM 291 Mon _UAVAILABLE _y008880 _ZAnnex Low-Usage Collection |
||
| 999 |
_c63419 _d63419 |
||